[Event "37th World U20 ch"]
[Site "Kozhikode IND"]
[Date "1998.11.25"]
[Round "8.18"]
[White "Janssen, Ruud"]
[Black "Kalod, Radek"]
[Result "1/2-1/2"]
[WhiteElo "2345"]
[BlackElo "2435"]
[EventDate "1998.11.17"]
[PlyCount "134"]

1.Nf3 Nf6 2.c4 g6 3.Nc3 Bg7 4.e4 c5 5.d4 cxd4 6.Nxd4 Nc6 7.Be3 Ng4 8.Qxg4 
Nxd4 9.Qd1 Ne6 10.Rc1 Qa5 11.Be2 b6 12.Qd5 Qxd5 13.cxd5 Nd4 14.Bc4 Bb7 15.
O-O Rc8 16.b3 e6 17.dxe6 dxe6 18.Rfd1 Nc6 19.Nb5 Be5 20.Bh6 a6 21.Nd6+ 
Bxd6 22.Rxd6 b5 23.Be2 Ke7 24.e5 Nxe5 25.Rcd1 Bd5 26.Rxa6 Ra8 27.Rxa8 Rxa8
28.Rd2 b4 29.Bf4 Nc6 30.Bb5 Kd7 31.f3 Ra5 32.Be2 Rc5 33.Kf2 h5 34.Be3 Rc3 
35.Bc4 Kd6 36.Bf4+ Kc5 37.Be3+ Kd6 38.Bh6 Kc5 39.Be3+ Kd6 40.Bh6 Kc5 41.
Be2 Kb6 42.h4 Kc7 43.Bf4+ Kb7 44.Be3 Kc7 45.Rb2 Kb7 46.Bb5 Ne5 47.Bd4 Nd3+
48.Bxd3 Rxd3 49.Bc5 Kc6 50.Bxb4 Kd7 51.Rd2 Rxd2+ 52.Bxd2 e5 53.Ke3 Ke6 54.
Kd3 Kf5 55.Ke3 f6 56.Bc3 g5 57.hxg5 fxg5 58.g4+ hxg4 59.fxg4+ Kxg4 60.Bxe5
Kf5 61.Kd4 Bf7 62.Bh2 Kf6 63.Kc3 Ke7 64.Kb2 Kd7 65.b4 Kc6 66.a4 Bc4 67.Kc3
Bf1 1/2-1/2

[Event "37th World U20 ch"]
[Site "Kozhikode IND"]
[Date "1998.11.25"]
[Round "8.19"]
[White "Houska, Miroslav"]
[Black "Kidambi, Sundararajan"]
[Result "1/2-1/2"]
[WhiteElo "2375"]
[BlackElo "2285"]
[EventDate "1998.11.17"]
[PlyCount "88"]

1.d4 Nf6 2.c4 g6 3.Nc3 Bg7 4.e4 d6 5.f4 O-O 6.Nf3 Na6 7.Be2 e5 8.dxe5 dxe5
9.Nxe5 Nc5 10.Bf3 Qxd1+ 11.Kxd1 Rd8+ 12.Kc2 Nfxe4 13.Nxe4 Bf5 14.Re1 Bxe5 
15.fxe5 Rd4 16.Kc3 Rd3+ 17.Kc2 Rd4 18.b3 Bxe4+ 19.Bxe4 Rxe4 20.Rxe4 Nxe4 
21.Be3 Rd8 22.Re1 a6 23.a4 Kg7 24.b4 f5 25.exf6+ Kxf6 26.b5 Rd7 27.Rf1+ 
Ke6 28.Rf8 axb5 29.Re8+ Re7 30.Rxe7+ Kxe7 31.cxb5 b6 32.Kd3 Nd6 33.Bf4 Kd7
34.Kd4 Ke6 35.g4 h5 36.h3 hxg4 37.hxg4 Ne8 38.Ke4 Nf6+ 39.Kf3 Ne8 40.Bg3 
Kd5 41.Kf4 Nf6 42.Kg5 Nxg4 43.Bxc7 Nf2 44.Bxb6 Ne4+ 1/2-1/2

[Event "37th World U20 ch"]
[Site "Kozhikode IND"]
[Date "1998.11.25"]
[Round "8.20"]
[White "Goldenberg, Danny"]
[Black "Sutkovic, Damir"]
[Result "1/2-1/2"]
[WhiteElo "2325"]
[BlackElo "2205"]
[EventDate "1998.11.17"]
[PlyCount "107"]

1.e4 c6 2.d4 d5 3.Nc3 g6 4.Nf3 Bg7 5.h3 Nh6 6.Bd3 O-O 7.O-O f6 8.Re1 Nf7 
9.Bf1 e6 10.e5 fxe5 11.dxe5 Nd7 12.Bf4 Qb6 13.Qd2 Qxb2 14.h4 Qa3 15.h5 g5 
16.h6 Bxh6 17.Nxg5 Qe7 18.Nxf7 Bxf4 19.Qxf4 Qxf7 20.Qxf7+ Rxf7 21.g3 Nc5 
22.f4 Rg7 23.Kf2 b5 24.Bg2 Bd7 25.Ne2 Na4 26.Nd4 c5 27.Nf5 Rg6 28.Ne7+ Kg7
29.Nxg6 hxg6 30.Rh1 Rh8 31.Rxh8 Kxh8 32.g4 Nc3 33.Re1 Kg7 34.Kg3 b4 35.f5 
gxf5 36.gxf5 exf5 37.e6 Be8 38.Kf4 Kf6 39.Re5 c4 40.Bh3 Nxa2 41.Rxf5+ Kxe6
42.Re5+ Kf7 43.Be6+ Kf6 44.Bxd5 Bg6 45.Re6+ Kg7 46.Kg5 Bxc2 47.Re7+ Kf8 
48.Kf6 Nc3 49.Bxc4 Ne4+ 50.Ke6 b3 51.Rxa7 b2 52.Ra8+ Kg7 53.Rb8 Nc5+ 54.
Kd6 1/2-1/2

[Event "37th World U20 ch"]
[Site "Kozhikode IND"]
[Date "1998.11.25"]
[Round "8.21"]
[White "Belmonte, Diego Mariano"]
[Black "Karatekin, Tamer"]
[Result "0-1"]
[WhiteElo "2200"]
[BlackElo "2325"]
[EventDate "1998.11.17"]
[PlyCount "122"]

1.d4 Nf6 2.c4 c5 3.d5 b5 4.cxb5 a6 5.bxa6 g6 6.Nc3 Bxa6 7.e4 Bxf1 8.Kxf1 
d6 9.g3 Bg7 10.Kg2 O-O 11.h3 Qa5 12.Nf3 Nbd7 13.Re1 Nb6 14.Qc2 Nfd7 15.Bg5
Rfe8 16.Nd1 Qa6 17.Bd2 Na4 18.Nc3 c4 19.b4 Ndb6 20.a3 e6 21.dxe6 fxe6 22.
Ra2 d5 23.e5 Nd7 24.Nxa4 Qxa4 25.Qc3 Qb3 26.Raa1 Ra6 27.a4 Rf8 28.Qxb3 
cxb3 29.Bc3 Rc6 30.Bd4 Rc4 31.Bb2 Ra8 32.Ng5 Nf8 33.a5 Rxb4 34.Ba3 Rb5 35.
Bxf8 Bxf8 36.Nxe6 b2 37.Rab1 Raxa5 38.Nd4 Rb7 39.Re2 Ra4 40.Ne6 Ba3 41.Re3
Rb6 42.Nf4 Bc5 43.Re2 Bd4 44.e6 Kf8 45.Nxd5 Rb7 46.e7+ Ke8 47.Rd1 Ra8 48.
Ree1 Bg7 49.Re4 Rab8 50.Rb1 Rd7 51.Nf4 Rxe7 52.Rxe7+ Kxe7 53.Kf3 Kd6 54.
Ke2 Ra8 55.Kd3 Be5 56.Ne2 Ra1 57.Kc2 Kd5 58.f3 Kc4 59.h4 Rxb1 60.Kxb1 Kd3 
61.f4 Bf6 0-1

[Event "37th World U20 ch"]
[Site "Kozhikode IND"]
[Date "1998.11.25"]
[Round "8.22"]
[White "Hansen, Torbjorn Ringdal"]
[Black "Bakre, Tejas"]
[Result "1/2-1/2"]
[WhiteElo "2060"]
[BlackElo "2290"]
[EventDate "1998.11.17"]
[PlyCount "73"]

1.c4 c5 2.Nc3 g6 3.g3 Bg7 4.Bg2 Nc6 5.Nf3 d6 6.O-O Nh6 7.d3 Nf5 8.Bd2 O-O 
9.Rb1 Rb8 10.Ne1 Bd7 11.Nc2 Nfd4 12.a3 Nb3 13.Be1 a6 14.Ne3 Nca5 15.h4 b5 
16.cxb5 axb5 17.Bd5 Nd4 18.b4 Nb7 19.Bg2 e6 20.Nc2 Nxc2 21.Qxc2 Qe7 22.
bxc5 Nxc5 23.Na2 Rfc8 24.e3 Na4 25.Qb3 Bc6 26.Bxc6 Rxc6 27.d4 Rcc8 28.Bd2 
Bf8 29.Rfc1 Qd7 30.Nc3 Nxc3 31.Rxc3 d5 32.Rxc8 Qxc8 33.Bb4 Qc4 34.Bxf8 
Kxf8 35.Qb4+ Qxb4 36.Rxb4 Ra8 37.Rxb5 1/2-1/2

[Event "37th World U20 ch"]
[Site "Kozhikode IND"]
[Date "1998.11.25"]
[Round "8.23"]
[White "Alvarez Marquez, Johan Carlos"]
[Black "Abbasov, Farid"]
[Result "0-1"]
[WhiteElo "2200"]
[BlackElo "2290"]
[EventDate "1998.11.17"]
[PlyCount "72"]

1.d4 d6 2.c4 e5 3.Nf3 e4 4.Nfd2 f5 5.e3 Nf6 6.Nc3 g6 7.Be2 Bg7 8.O-O O-O 
9.b4 Kh8 10.a4 Re8 11.Nb3 Nbd7 12.a5 Nf8 13.a6 bxa6 14.d5 g5 15.Nd4 Ng6 
16.Nc6 Qd7 17.Bb2 f4 18.exf4 gxf4 19.f3 e3 20.Bd3 Nh4 21.Qe1 Nxg2 22.Kxg2 
Qh3+ 23.Kh1 Nh5 24.Rg1 Qxf3+ 25.Rg2 Bh3 26.Qe2 Bxg2+ 27.Qxg2 Qxg2+ 28.Kxg2
f3+ 29.Kxf3 Rf8+ 30.Kxe3 Rae8+ 31.Kd2 Rf2+ 32.Be2 Nf4 33.Re1 Nxe2 34.Rxe2 
Rexe2+ 35.Nxe2 Bxb2 36.h4 Rh2 0-1

[Event "37th World U20 ch"]
[Site "Kozhikode IND"]
[Date "1998.11.25"]
[Round "8.24"]
[White "Panchanathan, Magesh Chandran"]
[Black "De Wachter, Matthias"]
[Result "1/2-1/2"]
[WhiteElo "2280"]
[BlackElo "2170"]
[EventDate "1998.11.17"]
[PlyCount "122"]

1.e4 c5 2.Nf3 Nc6 3.d4 cxd4 4.Nxd4 e5 5.Nb5 d6 6.c4 Be7 7.N1c3 a6 8.Na3 
Be6 9.Be3 Bg5 10.Nc2 Bxe3 11.fxe3 Rc8 12.Qd2 Nf6 13.Be2 O-O 14.O-O Na5 15.
b3 b5 16.Rfd1 bxc4 17.b4 Nb7 18.Bf3 g5 19.Qf2 g4 20.Be2 Nh5 21.Qe1 Qg5 22.
a4 Nf6 23.Rd2 Qg6 24.Qh4 Rc7 25.Rf1 Nxe4 26.Nxe4 Qxe4 27.Rf6 d5 28.Bd1 Nd6
29.Rdf2 Ne8 30.Qg5+ Ng7 31.h4 Kh8 32.h5 Rg8 33.Rxe6 fxe6 34.Qf6 h6 35.Bxg4
Kh7 36.Bd1 Nf5 37.Qxe6 Rcg7 38.Bf3 Qd3 39.Bxd5 Qd1+ 40.Rf1 Qxc2 41.Qxf5+ 
Qxf5 42.Bxg8+ Kxg8 43.Rxf5 c3 44.Rf2 Rb7 45.Rc2 Rxb4 46.Rxc3 Rxa4 47.Rc6 
Kg7 48.Rg6+ Kh7 49.Re6 Rg4 50.Re7+ Rg7 51.Rxe5 Rg5 52.Rxg5 hxg5 53.e4 Kh6 
54.g4 a5 55.e5 a4 56.e6 a3 57.e7 a2 58.e8=Q a1=Q+ 59.Kg2 Qb2+ 60.Kf3 Qf6+ 
61.Ke4 Qe7+ 1/2-1/2

[Event "37th World U20 ch"]
[Site "Kozhikode IND"]
[Date "1998.11.25"]
[Round "8.26"]
[White "Ramu, K."]
[Black "Medak, Bojan"]
[Result "1-0"]
[WhiteElo "2125"]
[BlackElo "2220"]
[EventDate "1998.11.17"]
[PlyCount "105"]

1.e4 d6 2.d4 Nf6 3.Nc3 g6 4.Be3 c6 5.Qd2 b5 6.f3 Nbd7 7.g4 Nb6 8.b3 a5 9.
a4 b4 10.Nce2 Qc7 11.Ng3 h5 12.g5 Nfd7 13.h4 Bg7 14.Rc1 O-O 15.Bh3 e5 16.
N1e2 exd4 17.Bxd4 Ne5 18.Bg2 c5 19.Ba1 c4 20.Bd4 Ba6 21.f4 Ng4 22.Bxg7 
Kxg7 23.Qd4+ Kg8 24.Bf3 Bc8 25.O-O Rb8 26.Bxg4 Bxg4 27.f5 Nd7 28.Rf2 Ne5 
29.Rcf1 Qc5 30.Kg2 Rbc8 31.Qd2 cxb3 32.cxb3 Qc2 33.Qxd6 Nd3 34.Nd4 Qc3 35.
fxg6 Nxf2 36.Rxf2 Qc7 37.gxf7+ Rxf7 38.Qd5 Qd7 39.Qxd7 Rxf2+ 40.Kxf2 Bxd7 
41.Nxh5 Kf7 42.Nf4 Rc3 43.e5 Bxa4 44.e6+ Kf8 45.e7+ Ke8 46.bxa4 Rc4 47.Ke3
Kxe7 48.g6 b3 49.Nd5+ Ke8 50.Nxb3 Rxh4 51.Nd4 Rh3+ 52.Ke4 Rg3 53.Nf6+ 1-0

[Event "37th World U20 ch"]
[Site "Kozhikode IND"]
[Date "1998.11.25"]
[Round "8.29"]
[White "Hossain, Enamul"]
[Black "De Silva, Nirosh"]
[Result "1/2-1/2"]
[WhiteElo "2335"]
[BlackElo "2025"]
[EventDate "1998.11.17"]
[PlyCount "82"]

1.e4 c5 2.Nf3 d6 3.d4 cxd4 4.Nxd4 Nf6 5.Nc3 a6 6.Be3 e5 7.Nf3 Be7 8.Bc4 
Qc7 9.Qe2 b5 10.Bb3 Bb7 11.Bg5 b4 12.Bxf6 bxc3 13.Bxe7 cxb2 14.Rb1 Qxe7 
15.Rxb2 O-O 16.O-O Nc6 17.Bd5 Na5 18.Qd2 Qc7 19.Rfb1 Rab8 20.Qb4 h6 21.h3 
Bxd5 22.Qxb8 Rxb8 23.Rxb8+ Kh7 24.exd5 Qxc2 25.R8b2 Qe4 26.Rd1 Nc4 27.Rbb1
Na3 28.Rb6 Qa4 29.Rc1 Nb5 30.Nh2 Qxa2 31.Ng4 f5 32.Ne3 f4 33.Nf5 Qxd5 34.
Rxa6 Nd4 35.Nxd4 Qxd4 36.Rc7 e4 37.Rd7 e3 38.Raxd6 Qb2 39.fxe3 fxe3 40.Re6
Qf2+ 41.Kh2 Qf4+ 1/2-1/2

[Event "37th World U20 ch"]
[Site "Kozhikode IND"]
[Date "1998.11.25"]
[Round "8.30"]
[White "Uberoi, Arjun"]
[Black "Radovanovic, Dusan"]
[Result "1/2-1/2"]
[WhiteElo "2070"]
[BlackElo "2225"]
[EventDate "1998.11.17"]
[PlyCount "70"]

1.d4 Nf6 2.Nf3 g6 3.c4 Bg7 4.Nc3 O-O 5.e4 d6 6.Be2 e5 7.O-O Nc6 8.d5 Ne7 
9.Ne1 Nd7 10.Be3 f5 11.f3 f4 12.Bf2 g5 13.a4 h5 14.Nb5 Nf6 15.Nxa7 Bd7 16.
c5 g4 17.cxd6 cxd6 18.Nb5 Ng6 19.Nxd6 g3 20.Bc5 Nh7 21.h3 Qh4 22.Nf5 Rxf5 
23.exf5 Bxf5 24.Bd3 Bxh3 25.gxh3 Ng5 26.Bf5 Nxh3+ 27.Bxh3 Qxh3 28.Qe2 Nh4 
29.Be7 e4 30.Rd1 g2 31.Nxg2 Nxf3+ 32.Rxf3 exf3 33.Qe6+ Qxe6 34.dxe6 fxg2 
35.Kxg2 Bxb2 1/2-1/2

[Event "37th World U20 ch"]
[Site "Kozhikode IND"]
[Date "1998.11.25"]
[Round "8.31"]
[White "Dias, Paulo"]
[Black "Stinis, Steven"]
[Result "0-1"]
[WhiteElo "2295"]
[BlackElo "2005"]
[EventDate "1998.11.17"]
[PlyCount "80"]

1.d4 Nf6 2.c4 e5 3.dxe5 Ne4 4.Nd2 Nc5 5.Ngf3 Nc6 6.a3 a5 7.Nb3 Ne6 8.e3 g6
9.Bd2 Bg7 10.Bc3 a4 11.Nc1 Nc5 12.Qd5 d6 13.exd6 Bxc3+ 14.bxc3 Be6 15.dxc7
Qxc7 16.Qd1 Rd8 17.Qc2 Na5 18.Nd4 Bxc4 19.Bxc4 Nxc4 20.Nd3 Nb3 21.Nb2 Nxb2
22.Qxb2 Nxa1 23.Qxa1 Qc4 24.Qb2 O-O 25.Kd2 Rd7 26.Rb1 Qd5 27.Qb5 Qxb5 28.
Rxb5 Ra8 29.c4 Kf8 30.Rb4 Ke7 31.Kc2 Ra6 32.Nb5 Ke6 33.c5 Kd5 34.Nc3+ Kxc5
35.Nxa4+ Kc6 36.Kc3 Rd1 37.Rc4+ Kd6 38.Nc5 Rc1+ 39.Kb3 Rxc4 40.Kxc4 Rc6 
0-1

[Event "37th World U20 ch"]
[Site "Kozhikode IND"]
[Date "1998.11.25"]
[Round "8.32"]
[White "Chokshi, Manthan"]
[Black "Leskiewicz, Maksymilian"]
[Result "0-1"]
[WhiteElo "2220"]
[BlackElo "2210"]
[EventDate "1998.11.17"]
[PlyCount "132"]

1.e4 c5 2.Nc3 Nc6 3.g3 g6 4.Bg2 Bg7 5.d3 d6 6.Nge2 Nf6 7.O-O O-O 8.h3 Rb8 
9.Be3 b5 10.Qd2 b4 11.Nd1 Ne8 12.f4 Nc7 13.f5 c4 14.Bh6 cxd3 15.cxd3 Ba6 
16.Bxg7 Kxg7 17.Rf4 Ne5 18.Rh4 h5 19.Nf4 Rh8 20.Rc1 Nb5 21.fxg6 Qb6+ 22.
Kh1 fxg6 23.Ne3 Kh7 24.Ne6 Nd4 25.Nd5 Nxe6 26.Nxb6 Rxb6 27.g4 Bxd3 28.gxh5
g5 29.Rc7 Nxc7 30.Qxg5 Rg8 31.Qf5+ Kh6 32.Qf4+ Kh7 33.Qf5+ Kh8 34.h6 Rbb8 
35.Rf4 Rbf8 36.Qxf8 Rxf8 37.Rxf8+ Kh7 38.Rc8 Ne6 39.Rb8 a5 40.Ra8 Nf4 41.
Rxa5 Nxg2 42.Kxg2 Bxe4+ 43.Kg3 Kxh6 44.Ra4 Nd3 45.a3 bxa3 46.bxa3 Nc5 47.
Rb4 Bc2 48.Rc4 Bb3 49.Rg4 e5 50.Rb4 Kh5 51.Kf3 d5 52.Rb5 Ne4 53.Ke3 Bc4 
54.Rb4 Nd6 55.Rb8 d4+ 56.Kd2 e4 57.Rd8 e3+ 58.Ke1 Nf5 59.Rc8 Ba6 60.Rc6 
Bb7 61.Rb6 Be4 62.Re6 Bf3 63.Re5 Kg5 64.Re8 Kf4 65.a4 d3 66.Rd8 Be4 0-1

[Event "37th World U20 ch"]
[Site "Kozhikode IND"]
[Date "1998.11.25"]
[Round "8.33"]
[White "Kosmac, Blazimir"]
[Black "Beenish, Bhatia"]
[Result "0-1"]
[WhiteElo "2175"]
[BlackElo "2190"]
[EventDate "1998.11.17"]
[PlyCount "25"]

1.e4 c5 2.Nf3 Nc6 3.d4 cxd4 4.Nxd4 Nf6 5.Nc3 d6 6.Bc4 e6 7.Bb3 Be7 8.O-O 
O-O 9.f4 a6 10.f5 Qb6 11.Be3 e5 12.Nd5 Nxd5 13.exd5 0-1

[Event "37th World U20 ch"]
[Site "Kozhikode IND"]
[Date "1998.11.26"]
[Round "9.1"]
[White "Fressinet, Laurent"]
[Black "Sadvakasov, Darmen"]
[Result "0-1"]
[WhiteElo "2455"]
[BlackElo "2440"]
[EventDate "1998.11.17"]
[PlyCount "118"]

1.e4 e6 2.d4 d5 3.e5 c5 4.c3 Qb6 5.Nf3 Bd7 6.a3 Bb5 7.c4 dxc4 8.Nc3 Nc6 9.
d5 O-O-O 10.d6 f6 11.Nxb5 Qxb5 12.Qc2 Qb3 13.Qxc4 Qxc4 14.Bxc4 Nxe5 15.
Nxe5 fxe5 16.Bxe6+ Kb8 17.d7 h6 18.b4 cxb4 19.Bb2 Bd6 20.axb4 Nf6 21.Ke2 
Nxd7 22.Rhd1 Nf6 23.Rxd6 Rxd6 24.Bxe5 Re8 25.Bxd6+ Ka8 26.Kf3 Rxe6 27.Bf8 
Ne8 28.Rd1 Kb8 29.Rd4 Kc7 30.Re4 Kd7 31.Rf4 g5 32.Rf7+ Kc6 33.Kg4 Nd6 34.
Rh7 Re4+ 35.Kh5 Rh4+ 36.Kg6 Rxb4 37.Rxh6 g4 38.Kh5 Rd4 39.Rg6 b5 40.Rxg4 
Rxg4 41.Kxg4 b4 42.h4 b3 43.Bg7 a5 44.h5 a4 45.Bb2 Kb5 46.h6 Nf7 47.h7 Kb4
48.Kf5 a3 49.Kg6 axb2 50.Kxf7 b1=Q 51.h8=Q Qf5+ 52.Ke7 Qxf2 53.Qb8+ Kc4 
54.Ke6 b2 55.Qc8+ Qc5 56.Qa6+ Qb5 57.Qa2+ Kc3 58.Qb1 Qd3 59.Qe1+ Kb3 0-1

[Event "37th World U20 ch"]
[Site "Kozhikode IND"]
[Date "1998.11.26"]
[Round "9.2"]
[White "Banikas, Hristos"]
[Black "Laxman, Rajaram"]
[Result "1-0"]
[WhiteElo "2490"]
[BlackElo "2225"]
[EventDate "1998.11.17"]
[PlyCount "53"]

1.d4 g6 2.c4 Bg7 3.e4 d6 4.Nc3 e5 5.Nf3 exd4 6.Nxd4 Ne7 7.Be3 O-O 8.Be2 
Nbc6 9.h4 f5 10.h5 f4 11.Nxc6 bxc6 12.Bd4 Bxd4 13.Qxd4 c5 14.Qd2 Be6 15.g3
f3 16.Bd3 Rf7 17.Nd5 Bxd5 18.exd5 Qf8 19.O-O-O Qg7 20.Rde1 Nf5 21.hxg6 
hxg6 22.Re6 Rf6 23.Bxf5 gxf5 24.Rxf6 Qxf6 25.Rh6 Qg7 26.Rh5 Qf6 27.Qg5+ 
1-0

[Event "37th World U20 ch"]
[Site "Kozhikode IND"]
[Date "1998.11.26"]
[Round "9.3"]
[White "Fedorchuk, Sergei"]
[Black "Vuckovic, Bojan"]
[Result "1-0"]
[WhiteElo "2415"]
[BlackElo "2435"]
[EventDate "1998.11.17"]
[PlyCount "75"]

1.e4 c5 2.Nf3 d6 3.d4 cxd4 4.Nxd4 Nf6 5.Nc3 Nc6 6.Bg5 e6 7.Qd2 a6 8.O-O-O 
h6 9.Nxc6 bxc6 10.Bf4 d5 11.Qe3 Bb4 12.a3 Be7 13.Be2 O-O 14.Qg3 Kh8 15.Be5
Bd7 16.exd5 cxd5 17.Rd4 Ne8 18.Bd3 Rc8 19.Re1 Rxc3 20.bxc3 Bxa3+ 21.Kd1 
Be7 22.Re3 Qb6 23.Rg4 Rg8 24.Rg6 Bf6 25.Rxf6 gxf6 26.Qh4 Rg7 27.Qxh6+ Kg8 
28.Rh3 Kf8 29.Bxf6 Nxf6 30.Qxf6 Rg8 31.g4 Qb1+ 32.Kd2 Qg1 33.Qd8+ Be8 34.
Qd6+ Kg7 35.Rh7+ Kf6 36.Qd8+ Ke5 37.f4+ Kxf4 38.Qf6+ 1-0

[Event "37th World U20 ch"]
[Site "Kozhikode IND"]
[Date "1998.11.26"]
[Round "9.4"]
[White "Zhang Zhong"]
[Black "Halkias, Stelios"]
[Result "1-0"]
[WhiteElo "2510"]
[BlackElo "2435"]
[EventDate "1998.11.17"]
[PlyCount "47"]

1.e4 c5 2.Nf3 e6 3.d3 Nc6 4.g3 g6 5.Bg5 Qb6 6.Qc1 Bg7 7.c3 Nge7 8.Bg2 d5 
9.O-O h6 10.Bd2 Bd7 11.Re1 Rc8 12.Na3 Kf8 13.h4 dxe4 14.dxe4 e5 15.Be3 a5 
16.Nc4 Qa7 17.Nd6 Rb8 18.b4 axb4 19.cxb4 Qa4 20.b5 Na7 21.Qxc5 Nxb5 22.
Nxe5 Be8 23.Nxb5 Rc8 24.Nc7 1-0

[Event "37th World U20 ch"]
[Site "Kozhikode IND"]
[Date "1998.11.26"]
[Round "9.5"]
[White "Blehm, Pawel"]
[Black "Dao Thien Hai"]
[Result "1/2-1/2"]
[WhiteElo "2420"]
[BlackElo "2580"]
[EventDate "1998.11.17"]
[PlyCount "43"]

1.e4 c5 2.Nf3 d6 3.d4 cxd4 4.Nxd4 Nf6 5.Nc3 a6 6.Be3 e5 7.Nb3 Be6 8.f3 
Nbd7 9.Qd2 Nb6 10.O-O-O Be7 11.g4 O-O 12.h4 Nc4 13.Bxc4 Bxc4 14.g5 Nh5 15.
Nd5 Bxd5 16.Qxd5 Qc7 17.Kb1 Rac8 18.Rd2 Kh8 19.Rc1 b6 20.Rd3 Qc6 21.Nd2 
Qxd5 22.exd5 1/2-1/2

[Event "37th World U20 ch"]
[Site "Kozhikode IND"]
[Date "1998.11.26"]
[Round "9.6"]
[White "Al-Rakib, Abdullah"]
[Black "Kobalia, Mikhail"]
[Result "0-1"]
[WhiteElo "2350"]
[BlackElo "2505"]
[EventDate "1998.11.17"]
[PlyCount "142"]

1.d4 f5 2.Nc3 Nf6 3.Bg5 d5 4.Nf3 e6 5.e3 Be7 6.Bd3 O-O 7.Ne2 c5 8.c3 Nc6 
9.O-O Bd7 10.c4 cxd4 11.exd4 Ne4 12.Bxe7 Qxe7 13.cxd5 exd5 14.Bb5 Qd6 15.
Bxc6 bxc6 16.Ne5 f4 17.f3 Ng5 18.Qa4 Be8 19.Rac1 Ne6 20.Nd3 Qe7 21.Qa3 
Qxa3 22.bxa3 Rb8 23.Rc3 Rb6 24.Rfc1 Rf7 25.Ne5 Rc7 26.Nd3 g5 27.Nb4 Rb5 
28.Nxc6 Rb2 29.Nb4 Rxc3 30.Nxc3 Nxd4 31.Rd1 Nf5 32.Rxd5 Bg6 33.Re5 a5 34.
Nbd5 Rc2 35.Re2 Rc1+ 36.Kf2 Ne3 37.Nxe3 Rxc3 38.Nd5 Rxa3 39.Ne7+ Kf7 40.
Nxg6 Kxg6 41.Kg1 Kf5 42.h3 h6 43.Kh2 h5 44.Rb2 h4 45.Rb5+ Kf6 46.Rb6+ Kf7 
47.Rb5 Kg6 48.Rb6+ Kh5 49.Rb2 a4 50.Rc2 Kg6 51.Rc6+ Kf5 52.Rc5+ Kf6 53.
Rc6+ Ke7 54.Rg6 Rxa2 55.Rxg5 Rd2 56.Rg4 a3 57.Rxh4 a2 58.Rh7+ Kd6 59.Ra7 
Kc5 60.h4 Kb4 61.h5 Kb3 62.h6 Rd6 63.Kh3 Rxh6+ 64.Kg4 Rb6 65.Rxa2 Kxa2 66.
Kxf4 Kb3 67.g4 Kc4 68.Ke5 Rb5+ 69.Kf6 Kd5 70.g5 Rb6+ 71.Kf5 Kd6 0-1

[Event "37th World U20 ch"]
[Site "Kozhikode IND"]
[Date "1998.11.26"]
[Round "9.7"]
[White "Satyapragyan, Swayangsu"]
[Black "Florean, Andrei"]
[Result "1/2-1/2"]
[WhiteElo "2210"]
[BlackElo "2450"]
[EventDate "1998.11.17"]
[PlyCount "56"]

1.e4 c5 2.Nf3 d6 3.d4 cxd4 4.Nxd4 Nf6 5.Nc3 a6 6.Be2 e5 7.Nb3 Be7 8.O-O 
O-O 9.Be3 Be6 10.a4 Nc6 11.Kh1 Rc8 12.f4 Nb4 13.Nd2 exf4 14.Bxf4 Qb6 15.
Nf3 d5 16.a5 Qc5 17.exd5 Nfxd5 18.Nxd5 Nxd5 19.Nd4 Nxf4 20.Rxf4 Rcd8 21.
Bd3 Bc8 22.Nf5 Bxf5 23.Rxf5 Qd4 24.b3 Bb4 25.Qf1 Rd7 26.Rf4 Qd6 27.Bxh7+ 
Kxh7 28.Rxb4 Rfd8 1/2-1/2

[Event "37th World U20 ch"]
[Site "Kozhikode IND"]
[Date "1998.11.26"]
[Round "9.8"]
[White "Mirzoev, Azer"]
[Black "Turzo, Attila"]
[Result "1/2-1/2"]
[WhiteElo "2445"]
[BlackElo "2345"]
[EventDate "1998.11.17"]
[PlyCount "123"]

1.d4 d5 2.Nf3 c6 3.c4 Nf6 4.Qc2 dxc4 5.Qxc4 Bf5 6.Nc3 e6 7.e3 Nbd7 8.Be2 
c5 9.O-O a6 10.dxc5 Bxc5 11.b4 Be7 12.Bb2 Rc8 13.Qb3 Qc7 14.Rac1 Qb8 15.
Rfd1 O-O 16.e4 Bg6 17.e5 Nxe5 18.Nxe5 Qxe5 19.Nd5 Qxd5 20.Rxd5 Rxc1+ 21.
Bxc1 Nxd5 22.Bd2 Rc8 23.Bd1 Be4 24.a3 Nf6 25.f3 Bc6 26.Be2 Bd5 27.Qb2 Nd7 
28.Bc3 f6 29.Bd4 Bd6 30.Qd2 Ne5 31.Kf2 Nc4 32.Qd3 b5 33.g3 Rd8 34.f4 Bc7 
35.Qc3 e5 36.fxe5 fxe5 37.Bc5 Be6 38.Ke1 e4 39.Bd4 Rd7 40.Bxc4 Bxc4 41.Qe3
Bd3 42.Bc3 Rf7 43.Qc5 h6 44.Qd5 Bb6 45.Bd4 Bxd4 46.Qxd4 Rf6 47.Kd2 Re6 48.
Ke3 Bc4 49.a4 Bb3 50.a5 Bc4 51.Qc5 g5 52.h4 gxh4 53.gxh4 Kf7 54.Qf5+ Kg7 
55.Qg4+ Kf7 56.Qg1 Rg6 57.Qf2+ Rf6 58.Qb2 Re6 59.Qh8 Ke7 60.Qg7+ Ke8 61.h5
Kd8 62.Qf8+ 1/2-1/2

[Event "37th World U20 ch"]
[Site "Kozhikode IND"]
[Date "1998.11.26"]
[Round "9.9"]
[White "Jenni, Florian"]
[Black "Aliev, Rasim"]
[Result "1-0"]
[WhiteElo "2430"]
[BlackElo "2295"]
[EventDate "1998.11.17"]
[PlyCount "79"]

1.e4 c6 2.d4 d5 3.Nc3 dxe4 4.Nxe4 Nd7 5.Bc4 Ngf6 6.Ng5 e6 7.Qe2 Nb6 8.Bd3 
h6 9.N5f3 c5 10.dxc5 Bxc5 11.Ne5 Nbd7 12.Ngf3 Qc7 13.Bf4 Bb4+ 14.Nd2 Bxd2+
15.Kxd2 O-O 16.Rhd1 Qa5+ 17.Kc1 Nxe5 18.Qxe5 Qxe5 19.Bxe5 Bd7 20.Bxf6 gxf6
21.Bh7+ Kxh7 22.Rxd7 b6 23.c3 Rfd8 24.Rxd8 Rxd8 25.Kc2 Rd5 26.Rd1 Rh5 27.
h3 Re5 28.c4 Kg6 29.b4 f5 30.Kd3 Kf6 31.g3 h5 32.Rc1 Ke7 33.h4 Kd6 34.a3 
Kc6 35.f3 a5 36.Kd2 axb4 37.axb4 b5 38.Re1 Rxe1 39.cxb5+ Kxb5 40.Kxe1 1-0

[Event "37th World U20 ch"]
[Site "Kozhikode IND"]
[Date "1998.11.26"]
[Round "9.11"]
[White "Socko, Bartosz"]
[Black "Ippolito, Dean"]
[Result "1-0"]
[WhiteElo "2475"]
[BlackElo "2430"]
[EventDate "1998.11.17"]
[PlyCount "85"]

1.e4 e5 2.Nf3 Nf6 3.Nxe5 d6 4.Nf3 Nxe4 5.d4 d5 6.Bd3 Bd6 7.O-O O-O 8.Re1 
Re8 9.c4 c6 10.Nc3 Nxc3 11.bxc3 Bg4 12.Bg5 Rxe1+ 13.Qxe1 Qd7 14.c5 Bc7 15.
Qe3 Qe6 16.h3 Qxe3 17.fxe3 Be6 18.Bf4 Bxf4 19.exf4 b6 20.Rb1 bxc5 21.Ng5 
Bd7 22.Bxh7+ Kf8 23.Bc2 cxd4 24.cxd4 f6 25.Nh7+ Kf7 26.Rb7 Ke7 27.g4 Kd8 
28.g5 Kc8 29.Rb3 fxg5 30.fxg5 Na6 31.Nf8 Kc7 32.Ng6 c5 33.h4 Re8 34.h5 
Re1+ 35.Kf2 Rh1 36.Ra3 Kb6 37.Ne5 Bb5 38.Ng6 cxd4 39.Kg2 Re1 40.h6 Re5 41.
h7 Rxg5+ 42.Rg3 Bf1+ 43.Kf2 1-0

[Event "37th World U20 ch"]
[Site "Kozhikode IND"]
[Date "1998.11.26"]
[Round "9.12"]
[White "Williams, Simon"]
[Black "Sasikiran, Krishnan"]
[Result "0-1"]
[WhiteElo "2335"]
[BlackElo "2470"]
[EventDate "1998.11.17"]
[PlyCount "68"]

1.c4 g6 2.Nc3 Bg7 3.g3 e5 4.e4 d6 5.Bg2 Nc6 6.d3 f5 7.Nge2 Nf6 8.O-O O-O 
9.exf5 Bxf5 10.h3 Qd7 11.Kh2 Rae8 12.Be3 Kh8 13.Qd2 Qf7 14.b3 e4 15.d4 h5 
16.Nf4 Kh7 17.a3 Qd7 18.Rac1 b6 19.b4 Nd8 20.d5 Nf7 21.Nb5 g5 22.Ne2 g4 
23.h4 Ne5 24.Nf4 Nf3+ 25.Bxf3 gxf3 26.Rh1 Ng4+ 27.Kg1 Bh6 28.Nxh5 Nxe3 29.
fxe3 Qf7 30.Nf4 Bxf4 31.gxf4 Rg8+ 32.Kf1 Rg2 33.Qc3 Reg8 34.h5 Rg1+ 0-1

[Event "37th World U20 ch"]
[Site "Kozhikode IND"]
[Date "1998.11.26"]
[Round "9.13"]
[White "Soln, Primoz"]
[Black "Salmensuu, Olli"]
[Result "1/2-1/2"]
[WhiteElo "2470"]
[BlackElo "2420"]
[EventDate "1998.11.17"]
[PlyCount "34"]

1.d4 Nf6 2.Nf3 c5 3.d5 b5 4.Bg5 Qb6 5.Nc3 d6 6.e4 a6 7.Bxf6 exf6 8.a4 b4 
9.a5 Qc7 10.Nb1 g6 11.Nbd2 Bg7 12.Nc4 O-O 13.Bd3 Bg4 14.O-O Nd7 15.h3 Bxf3
16.Qxf3 Ne5 17.Nxe5 dxe5 1/2-1/2

[Event "37th World U20 ch"]
[Site "Kozhikode IND"]
[Date "1998.11.26"]
[Round "9.14"]
[White "Dervishi, Erald"]
[Black "Sandipan, Chanda"]
[Result "1/2-1/2"]
[WhiteElo "2430"]
[BlackElo "2305"]
[EventDate "1998.11.17"]
[PlyCount "125"]

1.e4 c5 2.Nf3 e6 3.d4 cxd4 4.Nxd4 Nf6 5.Nc3 d6 6.Be2 a6 7.a4 Nc6 8.Be3 Be7
9.O-O O-O 10.f4 Qc7 11.Kh1 Re8 12.Bf3 Rb8 13.g4 Nxd4 14.Bxd4 e5 15.Ba7 Ra8
16.Be3 exf4 17.Bxf4 Be6 18.g5 Nd7 19.Nd5 Bxd5 20.exd5 Bf8 21.Bg2 Ne5 22.
Ra3 g6 23.Rh3 Bg7 24.Qd2 Rac8 25.Qf2 Qxc2 26.Qh4 Rc4 27.b3 Rd4 28.Qxh7+ 
Kf8 29.Rhf3 Rd1 30.Rxd1 Qxd1+ 31.Rf1 Qd3 32.Qh3 Qd4 33.Bc1 Ke7 34.Be3 Qd3 
35.Bb6 Qd2 36.Qe3 Qxe3 37.Bxe3 Ng4 38.Bb6 Rh8 39.h3 Ne5 40.Rc1 Rh4 41.Rc7+
Nd7 42.Rxb7 Bc3 43.Be3 Rb4 44.Rxb4 Bxb4 45.Be4 Nc5 46.Bc2 Kd7 47.Kg2 Ke7 
48.Kf3 Nd7 49.Ke2 Ne5 50.Be4 Kd7 51.Bd3 a5 52.Bb5+ Kc7 53.Bd4 Kd8 54.Ke3 
Be1 55.Ke4 Bd2 56.h4 Be1 57.Be2 Bxh4 58.Bb6+ Kc8 59.Bxa5 Bg3 60.Bb6 f5+ 
61.Kd4 Kb7 62.Ba5 Bh4 63.Bd2 1/2-1/2